| 000 | 00423nam a2200169Ia 4500 | ||
|---|---|---|---|
| 005 | 20250516031500.0 | ||
| 008 | 240331s9999 xx 000 0 und d | ||
| 020 | _a9555530017 | ||
| 082 |
_bAMA _a301 |
||
| 100 | _aAmarasekara,D | ||
| 245 | 0 | _aSamaja vidyawe mulika sankalpa | |
| 250 | _a7th | ||
| 260 |
_aVarakapola _bAriya pubilshers _c2008 |
||
| 300 | _a130 p ., | ||
| 500 | _aprinciples of Social Science | ||
| 942 | _cL | ||
| 999 |
_c5212 _d5212 |
||